000 01321nam0a2200313 4500
001 RU\NLR\BIBL_A\022523374
005 20250806211317.0
035 _a(NLR Aleph) 022523374
090 _a88254
_c88254
100 _a20250416d1944 u y0rusy50 ca
101 0 _aarm
102 _aAM
105 _ay z 000 y
181 0 _ai
_baxxe
182 0 _an
200 1 _aՄեթոդական ուղեցույց հայոց լեզվի եվ գրական ընթերցանության մասին
_e(դպրոցական գործի ղեկավարների համար)
_fՀՍՍՌ լուսավորության ժողովրդական կոմիսարիատ
_gԱբ.Ղարիբյան պրոֆ.
203 _aТекст
_bвизуальный
_cнепосредственный
210 _aԵրեվան
_bՀՍՍՌ ժողկոմսովետին կից թերթերի եվ ամս.տպ.
_d1944
215 _a27,[4] c.
_d21
541 1 _6z01790
_aМетодические указание по армянскому языку и литеатурному чтению
700 1 _aՂարիբյան
_bԱբ.
_cպրոֆ.
_4700
790 0 _6z01541
_aКарибян
_bАб.
_4700
942 _cBOOK
945 _aРоссийская национальная библиотека
980 _aNB
980 _aBV
980 _aBV
980 _aBV